000
00354 a2200169 4500
001
183150
020
_a
040
_c
Magnum
100
_a
Fraga, Helio
240
1
0
_a
A família, último lugar?
_l
por
245
1
0
_a
A família, último lugar?
300
_a
93
362
0
_a
1987
440
1
_a
Paulinas
697
_a
LITERATURA GERAL
942
_c
BK
999
_c
183150
_d
183150